LEADER 00844nam a2200205 i 4500 001 000000254896 003 CaOOAMICUS 005 20180830233329.0 008 180830n it s u000 u ita u 013 $a233801 040 $aSeMil$bita 245 10$aRicordi Mons. Bernardo Citterio nato 11 giugno 1908. 260 $a[S.l. :$bs.n.],$c199?. 300 $a1 DVD (1h 57 min.) :$ba colori. 500 $aIn copertina : Parrocchia di S. Antonio Abate. Cittą di Valmadrera. - COLLOCAZIONE : UFFICIO. 600 14$aCitterio, Bernardo .$0(OLS)http://semarc/subject/32808 850 $aSeMil 852 $aSeMil$W1$xVenegono$y1$B233938$CSeMilBibl$Z2$F233938 $85 996 $6245$aRicordi Mons. Bernardo Citterio nato 11 giugno 1908$9(OLS)http://semarc/title/411250 996 $6260$a[S.l. :$bs.n.]$9(OLS)http://semarc/publisher/29751 LEADER 01217nam a2200241 i 4500 001 000000198052 003 CaOOAMICUS 005 20110224000000.0 008 110224s1982 sz u000 u eng u 013 $a176740 020 $a2-88070-017-5 040 $aSeMil$bita 100 1 $aConsiglio delle Conferenze Episcopali d'Europa.$0(OLS)http://semarc/name/90401 245 10$aCalled to one hope :$breport of the Second European Ecumenical Encounter, 16th-20th November 1981, Logumkloster, Denmark /$cConsilium Conferentiarum Episcoporum Europae and Conference of European Churches. 260 $aGeneva :$bWorld Council of Churches,$c1982. 300 $a78 p. ;$c21 cm. 700 1 $aConference of European Churches.$0(OLS)http://semarc/name/71660 850 $aSeMil 852 $aSeMil$W1$xVenegono$y1$m5D VIII 13/25$j148608$B148608$CSeMilBibl$Z2$F160000 $81 961 $aOmaggio: Altro 996 $6020$a2-88070-017-5$9(OLS)http://semarc/number/190265 996 $6245$aCalled to one hope :$breport of the Second European Ecumenical Encounter, 16th-20th November 1981, Logumkloster, Denmark$9(OLS)http://semarc/title/286076 996 $6260$aGeneva :$bWorld Council of Churches$9(OLS)http://semarc/publisher/30619